[Event "Turniej IM"]
[Site "Ostroda"]
[Date "2011.08.04"]
[Round "1.1"]
[White "Tvarijonas, Povilas"]
[Black "Gajek, Radoslaw"]
[Result "0-1"]
[WhiteElo "2332"]
[BlackElo "2054"]
[PlyCount "34"]
[EventDate "2011.??.??"]

1. e4 e5 2. Nf3 Nc6 3. Bb5 a6 4. Ba4 Nf6 5. O-O Nxe4 6. d4 exd4 7. Re1 d5 8.
Nxd4 Bd6 9. Nxc6 Bxh2+ 10. Kf1 Qh4 11. Rxe4+ dxe4 12. Qd5 O-O 13. Bg5 bxc6 14.
Bxc6 Qh5 15. Bxa8 Be6 16. Qd2 Bc4+ 17. Ke1 Bf4 0-1

[Event "Turniej IM"]
[Site "Ostroda"]
[Date "2011.08.04"]
[Round "1.3"]
[White "Posedaru, Bogdan"]
[Black "Bednarek, Sylwester"]
[Result "1-0"]
[WhiteElo "2354"]
[BlackElo "2333"]
[PlyCount "75"]
[EventDate "2011.??.??"]

1. d4 Nf6 2. c4 c5 3. d5 e6 4. Nc3 exd5 5. cxd5 d6 6. e4 g6 7. Nge2 Bg7 8. Ng3
h5 9. Be2 a6 10. a4 Nbd7 11. O-O h4 12. Nh1 Qc7 13. f4 Rb8 14. Nf2 O-O 15. Be3
Re8 16. Qd2 c4 17. Rfc1 b6 18. Bd4 Rb7 19. b3 b5 20. axb5 axb5 21. bxc4 bxc4
22. Ra4 Nc5 23. Rxc4 Nb3 24. Rxc7 Rxc7 25. Qd1 Nxc1 26. Qxc1 Nxe4 27. Bxg7 Kxg7
28. Nfxe4 Rxe4 29. Qb2 Rxe2 30. Nxe2+ Kh7 31. Qf6 h3 32. gxh3 Bf5 33. Nd4 Be4
34. Qxd6 Rc1+ 35. Kf2 Rd1 36. Qe5 f5 37. d6 Rd2+ 38. Ke1 1-0

[Event "Turniej IM"]
[Site "Ostroda"]
[Date "2011.08.04"]
[Round "1.4"]
[White "Bodenez, Vincent"]
[Black "Grabarczyk, Bogdan"]
[Result "0-1"]
[WhiteElo "2210"]
[BlackElo "2423"]
[PlyCount "66"]
[EventDate "2011.??.??"]

1. e4 c5 2. Nf3 e6 3. Nc3 a6 4. d4 cxd4 5. Nxd4 d6 6. g4 Ne7 7. g5 Nec6 8. Be3
b5 9. h4 Bb7 10. a3 Be7 11. Qd2 Nxd4 12. Qxd4 O-O 13. O-O-O Nc6 14. Qd2 Rc8 15.
Kb1 b4 16. axb4 Nxb4 17. Qd4 d5 18. Qb6 Qd7 19. Bg2 Rc4 20. exd5 exd5 21. Bh3
Qc6 22. Bf1 Rxc3 23. bxc3 Qxc3 24. Bd3 Ba8 25. Bd4 Qa3 26. Qc7 Qa2+ 27. Kc1 Nc6
28. Bb2 Rb8 29. Bc3 d4 30. Bxd4 Qa3+ 31. Kd2 Bd6 32. Qd7 Nxd4 33. Rb1 Bf4+ 0-1

[Event "Turniej IM"]
[Site "Ostroda"]
[Date "2011.08.04"]
[Round "1.5"]
[White "Kuzmicz, Krystian"]
[Black "Shkapenko, Pavel"]
[Result "1/2-1/2"]
[WhiteElo "2441"]
[BlackElo "2413"]
[PlyCount "32"]
[EventDate "2011.??.??"]

1. c4 Nf6 2. g3 d5 3. Bg2 dxc4 4. Na3 Nc6 5. Nxc4 Be6 6. Ne3 Nd5 7. d3 g6 8.
Nf3 Qd7 9. Nxd5 Bxd5 10. e4 Be6 11. d4 Bc4 12. Be3 e6 13. a3 Bg7 14. Rc1 Ba6
15. Bf1 Bxf1 16. Kxf1 O-O 1/2-1/2

[Event "Turniej IM"]
[Site "Ostroda"]
[Date "2011.08.05"]
[Round "2.1"]
[White "Gajek, Radoslaw"]
[Black "Shkapenko, Pavel"]
[Result "0-1"]
[WhiteElo "2054"]
[BlackElo "2413"]
[PlyCount "122"]
[EventDate "2011.??.??"]

1. e4 e5 2. Nf3 Nc6 3. d4 exd4 4. Nxd4 Bc5 5. Nb3 Bb6 6. Nc3 d6 7. Qe2 Nge7 8.
Be3 O-O 9. O-O-O f5 10. h4 f4 11. Bxb6 axb6 12. h5 h6 13. Qd2 Ne5 14. Rh4 f3
15. Rf4 Bg4 16. gxf3 Bxh5 17. Nd4 Qd7 18. Be2 Bf7 19. Rg1 N7g6 20. Rf5 Kh7 21.
f4 Nc6 22. Bh5 Nh4 23. Rxf7 Rxf7 24. Bxf7 Qxf7 25. Rg4 Nxd4 26. Qxd4 Ng6 27. f5
Ne5 28. Rg3 Nd7 29. a3 Re8 30. f4 Nf6 31. Rg1 Qe7 32. Re1 Nh5 33. Nd5 Qh4 34.
Rg1 c6 35. Nc3 Qxf4+ 36. Kb1 b5 37. Qb6 Re7 38. Qd8 Qe5 39. Rd1 Nf6 40. Rxd6
Re8 41. Qc7 Qe7 42. Qxe7 Rxe7 43. Re6 Rxe6 44. fxe6 Kg6 45. Kc1 Ne8 46. Kd2 Kf6
47. b4 Kxe6 48. a4 bxa4 49. Nxa4 Nd6 50. Ke3 b5 51. Nc5+ Kf6 52. Nd7+ Ke7 53.
Nb8 Nc4+ 54. Kd4 Kd6 55. Na6 h5 56. Nc5 h4 57. Nd3 h3 58. c3 h2 59. Nf2 g5 60.
e5+ Nxe5 61. Ne4+ Ke6 0-1

[Event "Turniej IM"]
[Site "Ostroda"]
[Date "2011.08.05"]
[Round "2.4"]
[White "Lach, Aleksandra"]
[Black "Posedaru, Bogdan"]
[Result "1-0"]
[WhiteElo "2154"]
[BlackElo "2354"]
[PlyCount "135"]
[EventDate "2011.??.??"]

1. d4 d5 2. c4 e6 3. Nc3 c6 4. e4 dxe4 5. Nxe4 Bb4+ 6. Bd2 Qxd4 7. Bxb4 Qxe4+
8. Be2 c5 9. Bxc5 Qxg2 10. Qd6 Nd7 11. O-O-O Qc6 12. Qxc6 bxc6 13. Bd6 Bb7 14.
Bf3 Ne7 15. Nh3 Nf5 16. Rhe1 Nxd6 17. Rxd6 Ke7 18. Rd2 Rhd8 19. Re3 f6 20. Bg2
Ne5 21. b3 Rxd2 22. Kxd2 Rd8+ 23. Kc2 Kf7 24. Ng5+ Ke7 25. Bh3 Bc8 26. Ne4 Ng6
27. Nc5 Nf4 28. Bg4 e5 29. Bf3 Kd6 30. b4 Bf5+ 31. Kc3 Kc7 32. a4 Ne6 33. Nb3
Nd4 34. Nc5 g5 35. Be4 Bc8 36. b5 g4 37. Nd3 f5 38. Bxc6 Nxc6 39. bxc6 e4 40.
Nf4 Kxc6 41. h3 Kd6 42. Kd4 Kc6+ 43. Kc3 Rg8 44. Nd5 Rg7 45. hxg4 Rxg4 46. Rh3
Rg7 47. Kd4 Bd7 48. a5 Be8 49. Rh6+ Bg6 50. Nf6 Kb7 51. c5 Re7 52. Nd5 Rd7 53.
Kc4 Rf7 54. a6+ Kc6 55. Nb4+ Kc7 56. Nd5+ Kc8 57. c6 f4 58. Kc5 e3 59. f3 e2
60. Rh1 Be4 61. fxe4 f3 62. Rg1 Rf8 63. Rg7 e1=Q 64. Rc7+ Kb8 65. Rb7+ Kc8 66.
Ne7+ Kd8 67. c7+ Kxe7 68. c8=Q+ 1-0

[Event "Turniej IM"]
[Site "Ostroda"]
[Date "2011.08.05"]
[Round "2.5"]
[White "Tvarijonas, Povilas"]
[Black "Lisowski, Krzysztof"]
[Result "1-0"]
[WhiteElo "2332"]
[BlackElo "2188"]
[PlyCount "111"]
[EventDate "2011.??.??"]

1. e4 c5 2. Nf3 Nc6 3. d4 cxd4 4. Nxd4 Nf6 5. Nc3 e5 6. Ndb5 d6 7. Bg5 a6 8.
Na3 Be6 9. Nc4 Rc8 10. Be3 Nd4 11. Bxd4 Bxc4 12. Be3 Be7 13. Bxc4 Rxc4 14. Qd3
Qc7 15. O-O h6 16. h3 O-O 17. Rad1 b5 18. a3 Rc8 19. f4 Qb7 20. fxe5 dxe5 21.
Rf5 Nxe4 22. Nd5 Nf6 23. Nxe7+ Qxe7 24. c3 a5 25. Qd6 Qxd6 26. Rxd6 b4 27. cxb4
axb4 28. Rxe5 bxa3 29. bxa3 Ra8 30. Rd3 Ne4 31. Bd4 f5 32. Rd5 Rc1+ 33. Kh2 f4
34. Be5 g5 35. Rd8+ Rxd8 36. Rxd8+ Kf7 37. Rd4 Ng3 38. Bxf4 Nf1+ 39. Kg1 Ne3+
40. Kf2 Nd1+ 41. Ke1 gxf4 42. Rxd1 Rc3 43. Ra1 Rc2 44. Kf1 Ke6 45. a4 Rc6 46.
a5 Ra6 47. Kf2 Kd5 48. Kf3 Ke5 49. Ra4 h5 50. h4 Rc6 51. a6 Rc3+ 52. Ke2 Rc2+
53. Kd3 Rc8 54. Ra5+ Kf6 55. a7 Ra8 56. Ke4 1-0

[Event "Turniej IM"]
[Site "Ostroda"]
[Date "2011.08.05"]
[Round "3.1"]
[White "Lisowski, Krzysztof"]
[Black "Gajek, Radoslaw"]
[Result "1/2-1/2"]
[WhiteElo "2188"]
[BlackElo "2054"]
[PlyCount "125"]
[EventDate "2011.??.??"]

1. e4 e5 2. f4 exf4 3. Nf3 g5 4. Bc4 Bg7 5. O-O Nc6 6. d4 d6 7. c3 Bg4 8. g3
Nf6 9. gxf4 gxf4 10. Bxf4 d5 11. exd5 Nxd5 12. Qe1+ Be6 13. Bg5 Qd6 14. Nbd2
Nce7 15. Ne4 Qc6 16. Nc5 Bf8 17. Ne5 Qb6 18. Bxd5 Bxd5 19. Ncd7 Rg8 20. Nf6+
Qxf6 21. Rxf6 Rxg5+ 22. Kf1 Bg7 23. Rf4 Bxe5 24. dxe5 Ng6 25. Rd4 Rf5+ 26. Kg1
Rg5+ 27. Kf2 Rf5+ 28. Kg3 O-O-O 29. c4 Rg8 30. cxd5 Nxe5+ 31. Kh3 Rf3+ 32. Qg3
Rgxg3+ 33. hxg3 Rf2 34. b3 Nf3 35. Rf4 h5 36. Rh1 f5 37. g4 fxg4+ 38. Kg3 Re2
39. Rxh5 Ne5 40. Rh7 Re3+ 41. Kf2 Rf3+ 42. Rxf3 gxf3 43. Rh5 Nd3+ 44. Kxf3 Nb4
45. Ke4 Nxa2 46. Ke5 b6 47. Rh8+ Kb7 48. Rh7 Kb8 49. Kd4 Nb4 50. Kc4 a5 51. Rh5
Kc8 52. Rh7 Kd8 53. Rg7 Kc8 54. Rh7 Kd8 55. Rf7 Nc2 56. Rh7 Ne3+ 57. Kd4 Nf5+
58. Ke5 Nd6 59. Ke6 Kc8 60. Rh8+ Kb7 61. Kd7 Ne4 62. Rh3 b5 63. Re3 1/2-1/2

[Event "Turniej IM"]
[Site "Ostroda"]
[Date "2011.08.05"]
[Round "3.2"]
[White "Posedaru, Bogdan"]
[Black "Tvarijonas, Povilas"]
[Result "1-0"]
[WhiteElo "2354"]
[BlackElo "2332"]
[PlyCount "149"]
[EventDate "2011.??.??"]

1. d4 d5 2. c4 e6 3. Nc3 Nf6 4. cxd5 exd5 5. Bg5 c6 6. Qc2 Nbd7 7. e3 Bd6 8.
Bd3 h6 9. Bh4 O-O 10. Nf3 Re8 11. O-O Nf8 12. Rab1 Bg4 13. Nd2 Bh5 14. Bg3 Bg6
15. b4 a6 16. a4 Rc8 17. Bxg6 Nxg6 18. Qd3 Bxg3 19. hxg3 h5 20. Qf5 Qd6 21. Ne2
Rc7 22. Rfc1 h4 23. gxh4 Nxh4 24. Qf4 Qxf4 25. Nxf4 Nf5 26. b5 axb5 27. axb5
Rec8 28. b6 Re7 29. Nd3 Nd7 30. Nc5 Nd6 31. Kf1 Ra8 32. Nxd7 Rxd7 33. Ra1 Rdd8
34. Ke2 Kf8 35. Kd3 Ke7 36. g4 Rdb8 37. Nb3 Rxa1 38. Rxa1 Kd8 39. Rh1 Ke7 40.
Ra1 Kd8 41. Nc5 Nc4 42. Rb1 Ke7 43. e4 Ra8 44. exd5 cxd5 45. Nxb7 Ra3+ 46. Kc2
Rf3 47. Nc5 Na3+ 48. Kd1 Rh3 49. Rb4 Rh1+ 50. Ke2 Re1+ 51. Kxe1 Nc2+ 52. Ke2
Nxb4 53. b7 Nc6 54. Na6 Nxd4+ 55. Kd3 Nc6 56. b8=Q Nxb8 57. Nxb8 Kf6 58. f4 g5
59. Nd7+ Ke6 60. Nc5+ Kd6 61. Kd4 gxf4 62. Nd3 Ke6 63. Nxf4+ Kf6 64. Nh3 Ke6
65. Ng5+ Kf6 66. Nf3 Ke6 67. Kc5 f6 68. Kd4 f5 69. g5 f4 70. Nh4 Kd6 71. g6 Ke6
72. g7 Kf7 73. Nf5 Kg8 74. Ke5 f3 75. Kf6 1-0

[Event "Turniej IM"]
[Site "Ostroda"]
[Date "2011.08.05"]
[Round "3.3"]
[White "Bodenez, Vincent"]
[Black "Lach, Aleksandra"]
[Result "1/2-1/2"]
[WhiteElo "2210"]
[BlackElo "2154"]
[PlyCount "23"]
[EventDate "2011.??.??"]

1. e4 c5 2. Nf3 d6 3. d4 cxd4 4. Nxd4 Nf6 5. Nc3 a6 6. Be3 e5 7. Nb3 Be6 8. f3
Be7 9. Qd2 O-O 10. O-O-O Qc7 11. g4 Rc8 12. g5 1/2-1/2

[Event "Turniej IM"]
[Site "Ostroda"]
[Date "2011.08.05"]
[Round "3.4"]
[White "Kuzmicz, Krystian"]
[Black "Bednarek, Sylwester"]
[Result "1-0"]
[WhiteElo "2441"]
[BlackElo "2333"]
[PlyCount "77"]
[EventDate "2011.??.??"]

1. g3 c5 2. Bg2 Nc6 3. e4 e5 4. Ne2 h5 5. h4 g6 6. c3 b5 7. d4 d6 8. Be3 Bh6 9.
f4 Bg4 10. dxc5 exf4 11. gxf4 dxc5 12. Na3 Qb8 13. e5 Nge7 14. Bxc5 O-O 15.
Bxc6 Nxc6 16. Bxf8 Qxf8 17. Qd5 Ne7 18. Qe4 Nf5 19. O-O-O Rb8 20. Nc2 Qc8 21.
Kb1 b4 22. Nxb4 Rxb4 23. cxb4 Qa6 24. Rd8+ Kh7 25. Nc3 Ng3 26. Qa8 Bg7 27. Rc1
Qc4 28. Qxa7 Qxf4 29. Qg1 Qxe5 30. Rd5 Qf4 31. Ka1 Be6 32. Rd3 Qc4 33. Re3 Nf5
34. Rxe6 Qxe6 35. Qc5 Bd4 36. Qd5 Qf6 37. b5 Ne3 38. Qb3 Kg7 39. Ne2 $138 1-0

[Event "Turniej IM"]
[Site "Ostroda"]
[Date "2011.08.06"]
[Round "4.1"]
[White "Gajek, Radoslaw"]
[Black "Grabarczyk, Bogdan"]
[Result "1/2-1/2"]
[WhiteElo "2054"]
[BlackElo "2423"]
[PlyCount "81"]
[EventDate "2011.??.??"]

1. e4 c5 2. Nf3 e6 3. d4 cxd4 4. Nxd4 a6 5. c4 Nf6 6. Nc3 Qc7 7. a3 b6 8. Be3
Bb7 9. f3 Be7 10. Be2 O-O 11. O-O Bd6 12. g3 Be7 13. Qd2 d6 14. Rfc1 Nbd7 15.
a4 Ne5 16. a5 bxa5 17. Nb3 Nc6 18. Nd5 exd5 19. cxd5 Qd7 20. dxc6 Bxc6 21. Nd4
Bb7 22. Rxa5 Rfe8 23. Nf5 Bd8 24. Bd4 Re6 25. Ra3 d5 26. e5 Ne8 27. f4 Rg6 28.
Bd3 Bb6 29. Qb4 Bd8 30. Nd6 Nxd6 31. Bxg6 Nb5 32. Bd3 Nxa3 33. bxa3 Be7 34. Qb6
Qa4 35. Be3 Bc8 36. Bc5 Bxc5+ 37. Qxc5 Qd7 38. Qb6 g6 39. Rc7 Qa4 40. Qc6 Qd1+
41. Kf2 1/2-1/2

[Event "Turniej IM"]
[Site "Ostroda"]
[Date "2011.08.06"]
[Round "4.3"]
[White "Lach, Aleksandra"]
[Black "Kuzmicz, Krystian"]
[Result "1/2-1/2"]
[WhiteElo "2154"]
[BlackElo "2441"]
[PlyCount "99"]
[EventDate "2011.??.??"]

1. d4 c5 2. d5 g6 3. c4 Bg7 4. e4 d6 5. h3 e6 6. Bd3 Ne7 7. Nf3 O-O 8. O-O exd5
9. cxd5 h6 10. Qb3 g5 11. Nbd2 Ng6 12. Nc4 Qe7 13. Bd2 Nd7 14. Rae1 a6 15. Nb6
Rb8 16. Bb1 Nde5 17. Nh2 Nf4 18. h4 Bd7 19. Nxd7 Qxd7 20. hxg5 hxg5 21. Qg3 Qe7
22. Bxf4 gxf4 23. Qxf4 Ng6 24. Qg4 Bxb2 25. f4 Bd4+ 26. Kh1 Kg7 27. g3 Rh8 28.
e5 Rh6 29. f5 Rbh8 30. Re2 Bxe5 31. fxg6 fxg6 32. Rff2 b5 33. Bf5 Rf8 34. Be6
Bd4 35. Rf4 Rxf4 36. Qxf4 Rh5 37. Qf3 Be5 38. Rf2 c4 39. Kg2 c3 40. Ng4 b4 41.
Qf7+ Qxf7 42. Rxf7+ Kh8 43. Ne3 Bd4 44. Nc2 Bc5 45. Rf8+ Kg7 46. Rc8 Re5 47.
Kf3 Rh5 48. Kg2 Re5 49. Kf3 Rh5 50. Kg2 1/2-1/2

[Event "Turniej IM"]
[Site "Ostroda"]
[Date "2011.08.06"]
[Round "4.4"]
[White "Tvarijonas, Povilas"]
[Black "Bodenez, Vincent"]
[Result "1-0"]
[WhiteElo "2332"]
[BlackElo "2210"]
[PlyCount "155"]
[EventDate "2011.??.??"]

1. e4 e6 2. d4 d5 3. exd5 exd5 4. Bf4 Bd6 5. Bxd6 Qxd6 6. Nc3 c6 7. Qd2 Bf5 8.
O-O-O Nd7 9. Re1+ Kd8 10. Nf3 h6 11. Ne5 Nxe5 12. Rxe5 Ne7 13. g4 Bh7 14. h4
Kc7 15. Bg2 Rae8 16. Rhe1 Qd7 17. Qe3 Kd8 18. Qf4 Nc8 19. b3 f6 20. R5e3 Rxe3
21. Rxe3 Re8 22. Bf3 Rxe3 23. Qxe3 Qe7 24. Qxe7+ Kxe7 25. Kd2 Nd6 26. Be2 g5
27. hxg5 hxg5 28. f3 b6 29. Nd1 Bg8 30. Ne3 b5 31. Bd3 Be6 32. Bg6 Kd7 33. a3
Ke7 34. Kd3 Kd7 35. Ke2 Ke7 36. Kf2 a5 37. Ke2 Kd7 38. Kf2 Ke7 39. Kg3 a4 40.
bxa4 bxa4 41. Bd3 Nc8 42. Kf2 Kd6 43. c3 c5 44. Bb5 cxd4 45. cxd4 Nb6 46. Ke2
Bd7 47. Bd3 Kc6 48. Kd2 Na8 49. Kc3 Nc7 50. Kb4 Kd6 51. Bc2 Nb5 52. Bxa4 Nxd4
53. Bxd7 Kxd7 54. Kc5 Nxf3 55. Nxd5 Ke6 56. a4 Nd2 57. Ne3 Ke5 58. Kb4 Kd4 59.
a5 Kxe3 60. a6 Kf4 61. a7 Kxg4 62. a8=Q Kf4 63. Kc3 Nf3 64. Qb8+ Kg4 65. Qb4+
Kf5 66. Kd3 Ne5+ 67. Ke3 Ng4+ 68. Kf3 Ne5+ 69. Kg3 Kg6 70. Qd6 Kf5 71. Qd4 Kg6
72. Qe4+ Kg7 73. Qf5 Nf7 74. Qd7 Kg6 75. Qe8 Kg7 76. Kg4 f5+ 77. Kh5 g4 78. Qe6
1-0

[Event "Turniej IM"]
[Site "Ostroda"]
[Date "2011.08.06"]
[Round "4.5"]
[White "Lisowski, Krzysztof"]
[Black "Posedaru, Bogdan"]
[Result "1/2-1/2"]
[WhiteElo "2188"]
[BlackElo "2354"]
[PlyCount "49"]
[EventDate "2011.??.??"]

1. e4 e5 2. f4 Bc5 3. Nf3 d6 4. Nc3 Nf6 5. Bc4 O-O 6. d3 Be6 7. Bxe6 fxe6 8.
Na4 exf4 9. Bxf4 Nbd7 10. Nxc5 Nxc5 11. Be3 Ng4 12. Bxc5 dxc5 13. Qe2 Qf6 14.
c3 Rad8 15. O-O Qf4 16. Rae1 Qd6 17. h3 Ne5 18. Nxe5 Qxe5 19. Rxf8+ Rxf8 20.
Rf1 Rxf1+ 21. Kxf1 Qf4+ 22. Kg1 Qc1+ 23. Kh2 Qf4+ 24. Kg1 Qc1+ 25. Kh2 1/2-1/2

[Event "Turniej IM"]
[Site "Ostroda"]
[Date "2011.08.08"]
[Round "5.2"]
[White "Bodenez, Vincent"]
[Black "Lisowski, Krzysztof"]
[Result "1-0"]
[WhiteElo "2210"]
[BlackElo "2188"]
[PlyCount "49"]
[EventDate "2011.??.??"]

1. e4 c5 2. Nf3 Nc6 3. d4 cxd4 4. Nxd4 Nf6 5. Nc3 e5 6. Ndb5 d6 7. Bg5 a6 8.
Na3 Be6 9. Nc4 Rc8 10. Nd5 Bxd5 11. Bxf6 gxf6 12. Qxd5 Nb4 13. Qd2 d5 14. exd5
Nxc2+ 15. Qxc2 Bb4+ 16. Kd1 b5 17. Kc1 Qxd5 18. a3 Be1 19. Be2 Qxg2 20. Rxe1
O-O 21. Qf5 Qc6 22. Rg1+ Kh8 23. Bd3 e4 24. Bxe4 Qxc4+ 25. Kb1 1-0

[Event "Turniej IM"]
[Site "Ostroda"]
[Date "2011.08.08"]
[Round "5.3"]
[White "Kuzmicz, Krystian"]
[Black "Tvarijonas, Povilas"]
[Result "1-0"]
[WhiteElo "2441"]
[BlackElo "2332"]
[PlyCount "245"]
[EventDate "2011.??.??"]

1. e4 c5 2. d3 Nc6 3. g3 g6 4. Bg2 Bg7 5. f4 e6 6. Nf3 Nge7 7. O-O d6 8. c3 O-O
9. Be3 b6 10. Na3 Ba6 11. Re1 Rc8 12. Nc2 Qd7 13. Bf2 Rfd8 14. Qd2 Bb7 15. Rad1
Rc7 16. g4 Qc8 17. Bh4 f6 18. Bh3 Rf8 19. Ne3 h6 20. Bg3 Kh7 21. Qg2 e5 22. g5
Qe8 23. gxf6 Bxf6 24. Ng4 Ng8 25. fxe5 Nxe5 26. Nfxe5 dxe5 27. d4 Bg5 28. Nxe5
Re7 29. Qe2 Nf6 30. Bg2 Nh5 31. Nd3 c4 32. Ne5 b5 33. b3 cxb3 34. axb3 Bc8 35.
Rf1 Bf4 36. Bxf4 Nxf4 37. Qe3 g5 38. Rde1 Qh5 39. Qg3 a5 40. Nd3 Nxg2 41. Rxf8
Nxe1 42. Nxe1 Bd7 43. e5 a4 44. bxa4 bxa4 45. c4 Kg7 46. Qf3 Qg6 47. Qf6+ Qxf6
48. Rxf6 Be6 49. d5 Bxd5 50. cxd5 Rxe5 51. Rf1 Rxd5 52. Nc2 Rd2 53. Nb4 a3 54.
Ra1 Rb2 55. Nd3 Rb3 56. Ne1 g4 57. Nc2 g3 58. Nxa3 gxh2+ 59. Kxh2 Rb2+ 60. Kg1
Kf6 61. Nc4 Rc2 62. Ne3 Re2 63. Ng2 Rb2 64. Kh2 Kg5 65. Ra5+ Kg4 66. Ra6 Kg5
67. Ra3 Rb4 68. Kg3 Rb5 69. Kh3 Rb1 70. Rg3+ Kf5 71. Nh4+ Kf4 72. Rf3+ Ke4 73.
Kg4 Rg1+ 74. Kh5 Rg5+ 75. Kxh6 Rg4 76. Rh3 Rg1 77. Ng6 Rg2 78. Kg7 Rg1 79. Kf6
Ra1 80. Rh4+ Ke3 81. Kf5 Ra8 82. Re4+ Kd3 83. Ne5+ Kd2 84. Rd4+ Kc3 85. Rd3+
Kb4 86. Ke4 Rh8 87. Rd4+ Kc5 88. Rc4+ Kb5 89. Rc7 Rh1 90. Nf3 Kb6 91. Rc2 Rh8
92. Ne5 Rh1 93. Rd2 Kc5 94. Rd5+ Kb6 95. Rd2 Kc5 96. Rc2+ Kb5 97. Nf3 Kb6 98.
Kd5 Rd1+ 99. Nd4 Rh1 100. Rb2+ Kc7 101. Ne6+ Kd7 102. Rb7+ Ke8 103. Ng7+ Kd8
104. Nf5 Rd1+ 105. Nd4 Ke8 106. Ra7 Re1 107. Nf3 Rh1 108. Ne5 Rh2 109. Rg7 Ra2
110. Kd6 Ra6+ 111. Nc6 Kf8 112. Rc7 Ra1 113. Ke6 Kg8 114. Nd4 Ra6+ 115. Kf5 Rd6
116. Ne6 Rd1 117. Rg7+ Kh8 118. Rg2 Rf1+ 119. Kg6 Kg8 120. Rb2 Rg1+ 121. Ng5
Kf8 122. Re2 Rh1 123. Nh7+ 1-0

[Event "Turniej IM"]
[Site "Ostroda"]
[Date "2011.08.08"]
[Round "5.4"]
[White "Shkapenko, Pavel"]
[Black "Lach, Aleksandra"]
[Result "1-0"]
[WhiteElo "2413"]
[BlackElo "2154"]
[PlyCount "99"]
[EventDate "2011.??.??"]

1. e4 c5 2. c3 d5 3. exd5 Qxd5 4. d4 Nc6 5. Nf3 e5 6. Nxe5 Nxe5 7. dxe5 Qxe5+
8. Be3 Bd7 9. Na3 O-O-O 10. Qf3 Bc6 11. Qg3 Qxg3 12. hxg3 Nf6 13. Nb5 Bxb5 14.
Bxb5 Nd5 15. Bd2 a6 16. Be2 Re8 17. Kd1 Bd6 18. Bd3 g6 19. Kc2 b5 20. c4 Nb6
21. b3 Be5 22. Rae1 bxc4 23. bxc4 h5 24. g4 h4 25. f4 Bf6 26. Rxe8+ Rxe8 27. g5
Bd4 28. Rxh4 Re7 29. g4 Nd7 30. Rh1 Nf8 31. f5 Rb7 32. Bc1 Re7 33. Rh6 Kd8 34.
fxg6 fxg6 35. Bxg6 Re2+ 36. Kd3 Rxa2 37. Bf5 a5 38. Rc6 a4 39. g6 Nxg6 40. Rxg6
a3 41. Ra6 Bb2 42. Bxb2 axb2 43. Rb6 Kc7 44. Rb5 Kd6 45. Kc2 Ra4 46. Bd3 Ra3
47. Rxb2 Ke5 48. Rb8 Ra2+ 49. Kc3 Ra3+ 50. Rb3 1-0

[Event "Turniej IM"]
[Site "Ostroda"]
[Date "2011.08.08"]
[Round "5.5"]
[White "Grabarczyk, Bogdan"]
[Black "Bednarek, Sylwester"]
[Result "1/2-1/2"]
[WhiteElo "2423"]
[BlackElo "2333"]
[PlyCount "47"]
[EventDate "2011.??.??"]

1. e4 c5 2. Nf3 Nc6 3. d4 cxd4 4. Nxd4 Nf6 5. Nc3 e5 6. Ndb5 d6 7. Bg5 a6 8.
Na3 b5 9. Bxf6 gxf6 10. Nd5 f5 11. Bd3 Bg7 12. exf5 Qg5 13. Qf3 Nd4 14. Nc7+
Kd8 15. Qxa8 Kxc7 16. Be4 Bxf5 17. Qb7+ Kd8 18. Bxf5 Qxf5 19. c3 Qd3 20. cxd4
exd4 21. Qb6+ Kd7 22. Qb7+ Kd8 23. Qb6+ Kd7 24. Qb7+ 1/2-1/2

[Event "Turniej IM"]
[Site "Ostroda"]
[Date "2011.08.08"]
[Round "6.1"]
[White "Gajek, Radoslaw"]
[Black "Bednarek, Sylwester"]
[Result "0-1"]
[WhiteElo "2054"]
[BlackElo "2333"]
[PlyCount "68"]
[EventDate "2011.??.??"]

1. e4 c6 2. d4 g6 3. Nf3 d5 4. Nbd2 Nh6 5. Bd3 Bg7 6. c3 O-O 7. O-O Nd7 8. Re1
f6 9. b4 Nf7 10. Qb3 e6 11. b5 f5 12. exf5 exf5 13. a4 Re8 14. Ba3 Nf6 15. Ne5
Nxe5 16. dxe5 Ng4 17. bxc6 Qh4 18. cxb7 Qxh2+ 19. Kf1 Bxb7 20. Qxb7 Qh1+ 21.
Ke2 Qxg2 22. Kd1 Rac8 23. Bb4 Bxe5 24. f3 d4 25. c4 Ne3+ 26. Kc1 Rb8 27. Qd7
Bg7 28. Bc5 Qf2 29. Rh1 Qg2 30. Re1 Qf2 31. Rh1 Ng2 32. Kc2 Rb2+ 33. Kxb2 Qxd2+
34. Bc2 Rb8+ 0-1

[Event "Turniej IM"]
[Site "Ostroda"]
[Date "2011.08.08"]
[Round "6.2"]
[White "Lach, Aleksandra"]
[Black "Grabarczyk, Bogdan"]
[Result "0-1"]
[WhiteElo "2154"]
[BlackElo "2423"]
[PlyCount "228"]
[EventDate "2011.??.??"]

1. e4 c5 2. Nf3 d6 3. d4 cxd4 4. Nxd4 Nf6 5. Nc3 a6 6. Bg5 Nbd7 7. f4 Qc7 8.
Qd2 e6 9. O-O-O Be7 10. g4 b5 11. Bxf6 gxf6 12. Bg2 Bb7 13. Rhe1 Nb6 14. Qe2
O-O-O 15. f5 b4 16. Nb1 e5 17. Nb3 Kb8 18. Na5 Bf8 19. Nd2 Rc8 20. Ndb3 h5 21.
Nxb7 Kxb7 22. gxh5 Nc4 23. Qxc4 Qxc4 24. Na5+ Kb6 25. Nxc4+ Rxc4 26. Bf3 Kc7
27. Rg1 Bh6+ 28. Kb1 Kd7 29. b3 Rc3 30. Be2 Re3 31. Rde1 a5 32. Rg3 Ke7 33.
Rxe3 Bxe3 34. Bg4 Bd4 35. Re2 Rc8 36. Rg2 d5 37. exd5 Kd6 38. Be2 Kxd5 39. Bc4+
Ke4 40. Bxf7 Be3 41. Re2 Kf3 42. Re1 Bd2 43. Bd5+ Kg4 44. Re2 Bc3 45. Rg2+ Kxf5
46. Bg8 Rd8 47. Rg1 Bd2 48. Bh7+ Ke6 49. Bg8+ Ke7 50. Bh7 Be3 51. Re1 Bf4 52.
h3 Rd2 53. Bf5 Rf2 54. Bg4 Bd2 55. Rg1 e4 56. Bd1 Rh2 57. Bg4 Rf2 58. Bd1 f5
59. Rg7+ Kf8 60. Rd7 e3 61. c4 e2 62. Bxe2 Rxe2 63. c5 Be3 64. c6 Re1+ 65. Kb2
Bc1+ 66. Kc2 Bf4 67. Rd5 Re2+ 68. Kb1 Re5 69. c7 Re1+ 70. Kb2 Bxc7 71. Rxf5+
Kg7 72. Rc5 Bd8 73. Rd5 Re2+ 74. Kb1 Re8 75. Kc2 Kf6 76. Kd3 Bc7 77. Rc5 Bb6
78. Rb5 Re6 79. h4 Rd6+ 80. Ke4 Re6+ 81. Kd3 Bd8 82. Rd5 Bc7 83. Rc5 Bb6 84.
Rb5 Ke7 85. Kc2 Kd7 86. Kd3 Kc6 87. Rg5 Re3+ 88. Kc2 Re4 89. Rg6+ Kb5 90. Rg5+
Bc5 91. Rg8 Rxh4 92. Rb8+ Kc6 93. Rc8+ Kb6 94. Rb8+ Kc7 95. Rh8 Rh2+ 96. Kd3
Rxa2 97. Kc4 Be7 98. h6 Rh2 99. h7 Kd7 100. Kb5 Ke6 101. Kxa5 Kf7 102. Ka4 Bf8
103. Kb5 Rh6 104. Ka5 Rh3 105. Ka4 Rh5 106. Rg8 Rxh7 107. Rg2 Ke6 108. Rg6+ Kd5
109. Rg8 Bd6 110. Kb5 Rb7+ 111. Ka6 Kc6 112. Rg6 Rb8 113. Ka7 Rf8 114. Rh6 Rf2
0-1

[Event "Turniej IM"]
[Site "Ostroda"]
[Date "2011.08.08"]
[Round "6.3"]
[White "Tvarijonas, Povilas"]
[Black "Shkapenko, Pavel"]
[Result "1/2-1/2"]
[WhiteElo "2332"]
[BlackElo "2413"]
[PlyCount "28"]
[EventDate "2011.??.??"]

1. e4 e5 2. Nf3 Nc6 3. Bb5 Bc5 4. Nc3 d6 5. d3 Nge7 6. Be3 O-O 7. Qd2 Bg4 8.
Nh4 Nd4 9. h3 Be6 10. Bxd4 Bxd4 11. Nf3 Bb6 12. Ba4 Ng6 13. O-O-O Qf6 14. Rdf1
Ba5 1/2-1/2

[Event "Turniej IM"]
[Site "Ostroda"]
[Date "2011.08.08"]
[Round "6.4"]
[White "Lisowski, Krzysztof"]
[Black "Kuzmicz, Krystian"]
[Result "1/2-1/2"]
[WhiteElo "2188"]
[BlackElo "2441"]
[PlyCount "46"]
[EventDate "2011.??.??"]

1. e4 c5 2. Nf3 g6 3. d3 Bg7 4. g3 Nc6 5. Bg2 d6 6. c3 e5 7. a3 Nge7 8. b4 a6
9. Nbd2 O-O 10. O-O h6 11. Nc4 Be6 12. Ne3 cxb4 13. axb4 d5 14. exd5 Nxd5 15.
Nxd5 Bxd5 16. Be3 f5 17. Bc5 Re8 18. c4 Bf7 19. Rb1 e4 20. dxe4 Bxc4 21. exf5
gxf5 22. Nh4 f4 23. Nf5 Qxd1 1/2-1/2

[Event "Turniej IM"]
[Site "Ostroda"]
[Date "2011.08.08"]
[Round "6.5"]
[White "Posedaru, Bogdan"]
[Black "Bodenez, Vincent"]
[Result "0-1"]
[WhiteElo "2354"]
[BlackElo "2210"]
[PlyCount "70"]
[EventDate "2011.??.??"]

1. d4 f5 2. Bg5 g6 3. Nc3 Bg7 4. e4 fxe4 5. Nxe4 d5 6. Ng3 c5 7. dxc5 Bxb2 8.
Rb1 Bc3+ 9. Bd2 Bd4 10. Nf3 Bxc5 11. Bc3 Nf6 12. Bb5+ Nc6 13. h4 Bg4 14. h5 g5
15. Be2 Rf8 16. O-O Bxf3 17. Bxf3 Qd6 18. Nf5 Qd7 19. Ng7+ Kf7 20. Bxf6 Kxf6
21. Bg4 Qd6 22. Ne6 Ne5 23. Nxf8 Rxf8 24. Rb3 h6 25. Bf3 Rd8 26. Re1 Qe6 27. c4
Qf5 28. cxd5 g4 29. Qa1 g3 30. Re2 Bxf2+ 31. Kf1 Rxd5 32. Qc1 Rd6 33. Rb5 Re6
34. Qxh6+ Kf7 35. Qh8 Qd3 0-1

[Event "Turniej IM"]
[Site "Ostroda"]
[Date "2011.08.09"]
[Round "7.1"]
[White "Bodenez, Vincent"]
[Black "Gajek, Radoslaw"]
[Result "0-1"]
[WhiteElo "2210"]
[BlackElo "2054"]
[PlyCount "112"]
[EventDate "2011.??.??"]

1. e4 c5 2. Nc3 e6 3. Nf3 a6 4. d4 cxd4 5. Nxd4 Qc7 6. Bd3 Nf6 7. O-O b5 8. a3
Bb7 9. Qe2 d6 10. Kh1 Nbd7 11. Bd2 Be7 12. f4 h5 13. Rae1 h4 14. f5 e5 15. Nb3
Rc8 16. Bg5 h3 17. Bxf6 Nxf6 18. Qf3 hxg2+ 19. Qxg2 Rh7 20. Re3 Kd7 21. Rh3
Rch8 22. Rxh7 Rxh7 23. Rf3 Ke8 24. Rh3 Rxh3 25. Qxh3 d5 26. Nd2 d4 27. Ne2 Qa5
28. b4 Qc7 29. Kg2 Bc6 30. Kf3 a5 31. Ng3 axb4 32. Qh8+ Bf8 33. axb4 Qd6 34.
Nh5 Nxh5 35. Qxh5 Qxb4 36. Ke2 Qd6 37. Nf3 Qf6 38. Qh8 Ke7 39. Kf2 g6 40. Qxf6+
Kxf6 41. fxg6 fxg6 42. Ne1 Bh6 43. h4 Ke6 44. Nf3 Bf4 45. Ke2 Kd6 46. Ng1 Bg3
47. Nf3 Bd7 48. Kf1 Kc5 49. Kg2 Bf4 50. Ng1 Be6 51. Kf3 Bc4 52. Ke2 Bg3 53. Nf3
Be6 54. Kf1 Kb4 55. Kg2 Bf4 56. Kf2 Bc4 0-1